Mite.

Bibliographic Details
Format: Microform Book
Language:English
Published: Grimsby : E.A. Robinson, 1891.
Series:Opie collection of children's literature ; 023:275.
Subjects:

MARC

Tag First Indicator Second Indicator Subfields
LEADER 00000cam a2200000Ia 4500
001 in00002565821
005 20151201154232.0
007 hd bfv---baap
007 he amv---bacp
008 980427s1891 enka b 000 0 eng d
035 |a (OCoLC)ocm39022212 
037 |a CL0021000023  |b UMI, 300 N. Zeeb Rd., Ann Arbor, MI 48016-1346 
040 |a OPP  |c OPP  |d UtOrBLW 
049 |a OPPA 
090 |a PZ5  |b .O67 1990 no.023:275. 
245 0 0 |a Mite. 
264 1 |a Grimsby :  |b E.A. Robinson,  |c 1891. 
300 |a 28 pages :  |b illustrations 
336 |a text  |b txt  |2 rdacontent 
337 |a microform  |b h  |2 rdamedia 
338 |a microfiche  |b he  |2 rdacarrier 
500 |a Reproduction of original in the Bodleian Library. 
510 4 |a Opie  |c BB 232 
533 |a Microfiche.  |b Ann Arbor, Mich. :  |c UMI,  |d 1997.  |e 1 microfiche ; 11 x 15 cm.  |f (Opie collection of children's literature ; 023:275).  |7 s1997 miun b 
500 |a Microform. 
650 0 |a Curiosities and wonders. 
650 0 |a Miniature books  |v Specimens. 
830 0 |a Opie collection of children's literature ;  |v 023:275. 
999 |a MARS 
999 f f |s f162961e-e640-3288-bae5-63c406812fd5  |i 10bbd6ab-354d-3cd1-87f0-ab3de16c530d  |t 0 
952 f f |a Texas A&M University  |b College Station  |c Sterling C. Evans Library  |d Evans: Microforms Fiche (3rd floor)  |t 0  |e PZ5 .O67 1990 no.023:275.  |h Library of Congress classification 
998 f f |a PZ5 .O67 1990 no.023:275.  |t 0  |l Evans: Microforms Fiche (3rd floor)